000 00400cam a2200157 a 4500
001 000025710
005 20200930024005.0
008 760831s1969 ||| 000 | spa d
082 _axxx
_bR621d
100 1 _aRivera, Pedro,
_952476
245 1 0 _aDespedida del hombre /
_cPedro Rivera.
260 _a[s. l.] :
_bPini-Ibe,
_c1969.
300 _a56 p. ;
_c23 cm.
049 _aBNGR
999 _c25202
_d25202
040 _aDO-SdBNP